| 000 | 00692cam a22002413a 4500 | ||
|---|---|---|---|
| 001 | 19225 | ||
| 003 | PGUSA | ||
| 005 | 20140828083416.0 | ||
| 008 | 060909s2006||||xxu|||||s|||||000 1 eng d | ||
| 040 |
_aPGUSA _beng |
||
| 042 | _adc | ||
| 050 | 4 | _aPS | |
| 100 | 1 |
_aComstock, Harriet T. _q(Harriet Theresa), _d1860- |
|
| 245 | 1 | 0 |
_aJoyce of the North Woods _h[electronic resource] / _cHarriet T. Comstock |
| 260 |
_bProject Gutenberg, _c2006 |
||
| 506 | _aPublic domain in the USA. | ||
| 516 | _aElectronic text | ||
| 653 | _aFiction | ||
| 700 | 1 |
_aCassel, John Harmon, _d1872-1961 |
|
| 830 | 0 |
_aProject Gutenberg _v19225 |
|
| 856 | 4 | 0 | _uhttp://www.gutenberg.org/ebooks/19225 |
| 942 | _cEB | ||
| 999 |
_c248480 _d248480 |
||